| 000 | 00393nam a22001577a 4500 | ||
|---|---|---|---|
| 003 | CEME | ||
| 005 | 20210628203959.0 | ||
| 008 | 210308b xxu||||| |||| 00| 0 eng d | ||
| 040 | _c. | ||
| 082 | _a684.08 MIL'W | ||
| 100 |
_aMiller, Wilbur K _968121 |
||
| 245 | _aWoodworking drafting metal working electricity | ||
| 260 |
_aILLINOIS _bMCKNIGHT _c1978 |
||
| 300 | _aEL-74 | ||
| 942 |
_cBK _2ddc |
||
| 999 |
_c575761 _d575761 |
||